[Event "British Columbia-ch Seniors"]
[Site "chess.com"]
[Date "2020.06.12"]
[Round "1.4"]
[White "Sly, Doug"]
[Black "Swett, Graham"]
[Result "1-0"]
[WhiteElo "1547"]
[BlackElo "1990"]
[PlyCount "109"]
[EventDate "2020.06.12"]
[EventType "swiss"]
[EventRounds "5"]
[EventCountry "CAN"]
[TimeControl "5400+30"]

1. d4 g6 2. Bg5 Bg7 3. e4 d6 4. f4 Nf6 5. e5 dxe5 6. fxe5 Nd5 7. Nf3 h6 8. Bd2
O-O 9. Bd3 Nd7 10. e6 fxe6 11. Bxg6 Nf4 12. Bxf4 Rxf4 13. O-O Nf8 14. Bh5 Rxd4
15. Nxd4 Qxd4+ 16. Kh1 Qxd1 17. Rxd1 Bxb2 18. Nc3 Bxc3 19. Rab1 b6 20. Bf3 Rb8
21. Rd8 Kf7 22. Bc6 Bf6 23. Rb3 e5 24. Be8+ Kg8 25. Rg3+ Bg7 26. Bd7 Bxd7 27.
Rxb8 Kf7 28. Rb7 Ne6 29. Rxa7 e4 30. Raa3 Bc6 31. Rae3 Be5 32. Rh3 Bf4 33. Re1
Bd5 34. c4 Bb7 35. Rf1 Kg6 36. Rc3 Bg5 37. Rg3 Kh5 38. Rh3+ Kg6 39. Rg3 Kh7 40.
Rf7+ Kh8 41. Kg1 Nd8 42. Rf8+ Kh7 43. Rxd8 Bf6 44. Rd7 Ba6 45. Rxc7 Bd4+ 46.
Kf1 Bc5 47. Rc3 Kg6 48. Rc6+ Kg5 49. h4+ Kxh4 50. Rxh6+ Kg5 51. Rhh3 Kf4 52.
Rh4+ Ke5 53. Rhh3 Bd4 54. Rh5+ Kd6 55. Rd5+ 1-0

[Event "British Columbia-ch Seniors"]
[Site "chess.com"]
[Date "2020.06.12"]
[Round "1.5"]
[White "Kagaoan, Jose"]
[Black "Martin, Andrew"]
[Result "1-0"]
[WhiteElo "1989"]
[BlackElo "1542"]
[PlyCount "83"]
[EventDate "2020.06.12"]
[EventType "swiss"]
[EventRounds "5"]
[EventCountry "CAN"]
[TimeControl "5400+30"]

1. e4 c5 2. a3 d6 3. b4 Bd7 4. Nf3 e6 5. Bb2 Nf6 6. d3 Be7 7. Nbd2 O-O 8. g3 a6
9. Bg2 Nc6 10. c3 Qc7 11. O-O Rac8 12. Rc1 b5 13. d4 c4 14. Re1 h6 15. Nf1 Rfd8
16. Rc2 e5 17. d5 Nb8 18. h3 Nh7 19. g4 Ng5 20. Nxg5 Bxg5 21. Bc1 Bf4 22. Qf3
g5 23. Ng3 Rf8 24. Nh5 f6 25. Kh1 Be8 26. Rg1 Bg6 27. Ng3 Qh7 28. h4 Rcd8 29.
h5 Be8 30. Nf5 Bf7 31. Bh3 Rd7 32. Qe2 Rfd8 33. f3 Ra7 34. Bxf4 gxf4 35. Qf2
Rb7 36. Qh4 Qh8 37. g5 hxg5 38. Rxg5+ Kf8 39. Rg7 Rdd7 40. Qxf6 Qxh5 41. Rg8+
Kxg8 42. Qg7# 1-0

[Event "British Columbia-ch Seniors"]
[Site "chess.com"]
[Date "2020.06.12"]
[Round "1.6"]
[White "Lee, Mau-Seng"]
[Black "Dimitrijevic, Darko"]
[Result "1-0"]
[WhiteElo "1524"]
[BlackElo "1947"]
[PlyCount "105"]
[EventDate "2020.06.12"]
[EventType "swiss"]
[EventRounds "5"]
[EventCountry "CAN"]
[TimeControl "5400+30"]

1. e4 c5 2. e5 e6 3. c4 Nc6 4. f4 Qc7 5. Nf3 d6 6. d4 cxd4 7. Nxd4 dxe5 8. Nb5
Qb8 9. fxe5 Qxe5+ 10. Qe2 Qb8 11. Be3 a6 12. Nd4 Nge7 13. Nc3 Nxd4 14. Bxd4 Nc6
15. Bf2 Bb4 16. a3 Bd6 17. g3 Bd7 18. Bg2 O-O 19. O-O b6 20. Rad1 Rd8 21. Ne4
Be7 22. Rd2 Be8 23. Rfd1 Rxd2 24. Rxd2 Qc7 25. Be3 Rc8 26. c5 bxc5 27. Qxa6 Nd4
28. Nc3 h6 29. Bf4 Qd8 30. Rd1 Bc6 31. Bxc6 Rxc6 32. Qd3 Bf6 33. Qe4 Qb6 34.
Rb1 Qa6 35. h4 Rc8 36. Rf1 Qc6 37. Qxc6 Rxc6 38. Bxh6 Bxh4 39. gxh4 gxh6 40.
Ne4 f5 41. Nf6+ Kg7 42. Nd7 Kf7 43. Ne5+ Kf6 44. Nxc6 Nxc6 45. Rc1 Nd4 46. Rxc5
Ke7 47. a4 Kd7 48. a5 Kd6 49. Rc8 Kd7 50. Rh8 Nc6 51. b4 Nxb4 52. Rxh6 Nc6 53.
a6 1-0

[Event "British Columbia-ch Seniors"]
[Site "chess.com"]
[Date "2020.06.12"]
[Round "1.7"]
[White "Haines, Duncan"]
[Black "Hanrahan, Nigel"]
[Result "1/2-1/2"]
[WhiteElo "1931"]
[BlackElo "1516"]
[PlyCount "70"]
[EventDate "2020.06.12"]
[EventType "swiss"]
[EventRounds "5"]
[EventCountry "CAN"]
[TimeControl "5400+30"]

1. d4 d5 2. Nf3 e6 3. c4 c5 4. cxd5 exd5 5. g3 Nc6 6. Bg2 Nf6 7. O-O Be7 8. Nc3
O-O 9. Bg5 cxd4 10. Nxd4 h6 11. Be3 Re8 12. Rc1 Bf8 13. Qa4 Nxd4 14. Qxd4 Be6
15. Rfd1 Ng4 16. Nxd5 Nxe3 17. fxe3 Qg5 18. Nc7 Rad8 19. Nxe6 Rxd4 20. Nxg5
Rxd1+ 21. Rxd1 hxg5 22. Rd7 Rxe3 23. Bd5 Re7 24. Rxb7 Rxb7 25. Bxb7 Bc5+ 26.
Kg2 Kf8 27. Kf3 a5 28. g4 Ke7 29. Ke4 Kd6 30. Bd5 f6 31. b3 Bb4 32. Bc4 Bc3 33.
Kf5 Ke7 34. e4 Be5 35. h3 Bd6 1/2-1/2

[Event "British Columbia-ch Seniors"]
[Site "chess.com"]
[Date "2020.06.12"]
[Round "1.8"]
[White "Schwarz, Heiner"]
[Black "Pitre, Hanniegn"]
[Result "0-1"]
[WhiteElo "1490"]
[BlackElo "1905"]
[PlyCount "82"]
[EventDate "2020.06.12"]
[EventType "swiss"]
[EventRounds "5"]
[EventCountry "CAN"]
[TimeControl "5400+30"]

1. e4 d5 2. exd5 Nf6 3. Bb5+ Nbd7 4. c4 a6 5. Ba4 b5 6. Bb3 Nc5 7. d4 Nxb3 8.
axb3 e6 9. Qe2 Bb4+ 10. Bd2 Qe7 11. dxe6 O-O 12. Nf3 Bxe6 13. d5 Bf5 14. Qxe7
Bxe7 15. O-O Bd6 16. Nd4 Bd3 17. Rc1 Ne4 18. Be3 f5 19. f3 f4 20. fxe4 fxe3 21.
Ne6 Rf2 22. Nc3 bxc4 23. bxc4 Bxc4 24. Re1 Raf8 25. Nxf8 Rxf8 26. Nd1 e2 27.
Nc3 Bc5+ 28. Kh1 Rf1+ 29. Rxf1 exf1=Q+ 30. Rxf1 Bxf1 31. g3 Bd4 32. Na4 Kf7 33.
b4 Kf6 34. Nc5 Ke5 35. h4 Be2 36. Kg2 Bxc5 37. bxc5 Bg4 38. Kf2 Kxe4 39. d6
cxd6 40. c6 Kd3 41. c7 a5 0-1

[Event "British Columbia-ch Seniors"]
[Site "chess.com"]
[Date "2020.06.12"]
[Round "1.9"]
[White "Escandor, Manuel Omana"]
[Black "Bridger, Richard"]
[Result "1-0"]
[WhiteElo "1820"]
[BlackElo "1448"]
[PlyCount "87"]
[EventDate "2020.06.12"]
[EventType "swiss"]
[EventRounds "5"]
[EventCountry "CAN"]
[TimeControl "5400+30"]

1. e4 c5 2. f4 Nc6 3. Nf3 d6 4. Bc4 e6 5. Nc3 Nf6 6. O-O Be7 7. b3 d5 8. exd5
exd5 9. Bd3 Bg4 10. Qe1 Bxf3 11. Rxf3 O-O 12. Bb2 Nd4 13. Rh3 c4 14. Ne2 cxd3
15. Nxd4 Bc5 16. Kh1 Qd7 17. Qh4 Qg4 18. cxd3 Qxh4 19. Rxh4 Rfe8 20. Nf3 Nd7
21. Rh5 Nb6 22. Rg5 g6 23. Rc1 Bd6 24. f5 h6 25. Rg4 h5 26. Rh4 Rac8 27. Rxc8
Rxc8 28. fxg6 fxg6 29. Bc3 Bf8 30. Kg1 Bg7 31. d4 Re8 32. Ne5 Kh7 33. g4 Kh6
34. Nf7+ Kh7 35. gxh5 gxh5 36. Ne5 Kh6 37. Kg2 Rg8 38. Kf3 Bf6 39. Rh3 Nc8 40.
d3 Nd6 41. Bd2+ Bg5 42. Bb4 Be7 43. Bxd6 Bxd6 44. Nf7+ 1-0

[Event "British Columbia-ch Seniors"]
[Site "chess.com"]
[Date "2020.06.12"]
[Round "1.10"]
[White "Deimert, Elroy"]
[Black "Leblanc, Paul"]
[Result "0-1"]
[WhiteElo "1441"]
[BlackElo "1739"]
[PlyCount "178"]
[EventDate "2020.06.12"]
[EventType "swiss"]
[EventRounds "5"]
[EventCountry "CAN"]
[TimeControl "5400+30"]

1. e4 c6 2. d4 d5 3. e5 Bf5 4. g4 Bg6 5. h4 h5 6. e6 Qd6 7. exf7+ Bxf7 8. g5
Nd7 9. Bd3 O-O-O 10. c3 e5 11. Bf5 exd4 12. Qxd4 Re8+ 13. Be3 c5 14. Qd3 d4 15.
Ne2 dxe3 16. Qxd6 Bxd6 17. O-O Be6 18. Bg6 Rf8 19. f3 Ne7 20. Be4 Kc7 21. Na3
a6 22. Nc2 Bd5 23. Nxe3 Bxe4 24. fxe4 Rxf1+ 25. Rxf1 Rf8 26. Rd1 Ne5 27. Kg2 g6
28. b3 Rf3 29. Nc4 Rd3 30. Rxd3 Nxd3 31. Nxd6 Kxd6 32. c4 Ke5 33. Kf3 Nc8 34.
Ke3 Nb4 35. Nc1 Nc2+ 36. Kf3 Nd4+ 37. Ke3 b6 38. Nd3+ Kd6 39. Nf4 Ne7 40. Nd3
Nec6 41. Kf4 Ke6 42. Ke3 Ne5 43. Ne1 Ng4+ 44. Kf4 Ne2+ 45. Kf3 Nc1 46. Ng2 Nxa2
47. Nf4+ Kf7 48. Nd5 Ne5+ 49. Kf4 Nd7 50. e5 Nc1 51. Nc7 Nd3+ 52. Ke4 N3xe5 53.
Nxa6 Ke6 54. Nc7+ Kd6 55. Nb5+ Kc6 56. Nc3 Nf7 57. Nd5 Nd6+ 58. Kf4 Nf5 59. Ke4
Nxh4 60. Ne7+ Kd6 61. Nd5 Nf5 62. Nf4 Nf8 63. Nxh5 gxh5 64. Kxf5 h4 65. Kg4 h3
66. Kxh3 Ke6 67. Kg4 Ng6 68. Kh5 Kf7 69. Kh6 Nf8 70. Kh5 Kg7 71. Kg4 Ne6 72.
Kf5 Nd4+ 73. Ke5 Nxb3 74. Kd6 Na5 75. Kc7 Nxc4 76. Kc6 Kg6 77. Kb5 Kxg5 78.
Kxc4 Kf5 79. Kd5 Kf4 80. Kc4 Ke4 81. Kc3 b5 82. Kc2 Kd4 83. Kb3 c4+ 84. Kc2 b4
85. Kb2 Kd3 86. Kc1 Kc3 87. Kb1 Kd2 88. Kb2 c3+ 89. Kb1 c2+ 0-1

[Event "British Columbia-ch Seniors"]
[Site "chess.com"]
[Date "2020.06.12"]
[Round "1.11"]
[White "Monkhouse, Neale"]
[Black "MacDonell, Paul"]
[Result "1/2-1/2"]
[WhiteElo "1710"]
[BlackElo "1335"]
[PlyCount "99"]
[EventDate "2020.06.12"]
[EventType "swiss"]
[EventRounds "5"]
[EventCountry "CAN"]
[TimeControl "5400+30"]

1. Nf3 d5 2. g3 Bf5 3. Bg2 c6 4. O-O h6 5. d3 e6 6. Nbd2 Nf6 7. Qe1 Bb4 8. a3
Ba5 9. b4 Bc7 10. Bb2 Nbd7 11. e4 dxe4 12. dxe4 Bh7 13. Qe2 O-O 14. e5 Nd5 15.
c4 Ne7 16. Rfe1 c5 17. b5 Ba5 18. Red1 Bxd2 19. Rxd2 Qc7 20. Rad1 Rad8 21. a4
Nb8 22. Ne1 b6 23. f4 Rd7 24. Rxd7 Nxd7 25. Be4 Bxe4 26. Qxe4 Rd8 27. g4 Kf8
28. Nf3 Nb8 29. Rd3 Rxd3 30. Qxd3 Qd7 31. Qe2 Ng8 32. Kf2 Ke7 33. Nd2 Kf8 34.
Ke3 Qd8 35. Qf2 f5 36. gxf5 exf5 37. Qg3 Qe7 38. Nf3 Qe6 39. Nd2 Nd7 40. Qf3
Ngf6 41. h3 Ne4 42. Nxe4 fxe4 43. Qxe4 Qxh3+ 44. Qf3 Qxf3+ 45. Kxf3 Ke7 46. Kg4
g6 47. Bc3 Ke6 48. Bb2 Nf8 49. Bc1 Nd7 50. Bb2 1/2-1/2

[Event "British Columbia-ch Seniors"]
[Site "chess.com"]
[Date "2020.06.12"]
[Round "1.12"]
[White "Hack, Don"]
[Black "Diemecke, Pablo"]
[Result "1-0"]
[WhiteElo "1210"]
[BlackElo "1684"]
[PlyCount "67"]
[EventDate "2020.06.12"]
[EventType "swiss"]
[EventRounds "5"]
[EventCountry "CAN"]
[TimeControl "5400+30"]

1. d4 d5 2. c4 c5 3. cxd5 Nf6 4. Nf3 cxd4 5. Qxd4 Qxd5 6. Nc3 Qxd4 7. Nxd4 e5
8. Ndb5 Na6 9. Bg5 Bb4 10. a3 Bxc3+ 11. Nxc3 Be6 12. g3 Nd5 13. Bd2 Nxc3 14.
Bxc3 Bd5 15. f3 e4 16. Bg2 exf3 17. Bxf3 Bxf3 18. exf3 O-O 19. O-O-O Rac8 20.
Kb1 Rfe8 21. Rhe1 Rxe1 22. Rxe1 Kf8 23. h4 f6 24. h5 Kf7 25. g4 b6 26. Re3 Nc5
27. Ka2 Rd8 28. Bb4 Ne6 29. f4 Rd7 30. f5 Ng5 31. a4 Rd4 32. Re7+ Kg8 33. Re8+
Kf7 34. Rf8# 1-0

[Event "British Columbia-ch Seniors"]
[Site "chess.com"]
[Date "2020.06.12"]
[Round "1.13"]
[White "Ingram, Richard"]
[Black "Batisse, Norman"]
[Result "1-0"]
[WhiteElo "1656"]
[BlackElo "1127"]
[PlyCount "73"]
[EventDate "2020.06.12"]
[EventType "swiss"]
[EventRounds "5"]
[EventCountry "CAN"]
[TimeControl "5400+30"]

1. e4 e5 2. Nf3 Nc6 3. Bb5 d6 4. d4 a6 5. Bxc6+ bxc6 6. dxe5 d5 7. exd5 cxd5 8.
O-O Bc5 9. Bg5 Ne7 10. Nbd2 O-O 11. c3 h6 12. Bh4 Bg4 13. Qe2 g5 14. Bg3 Qd7
15. Rfd1 Nf5 16. Nf1 d4 17. Ne3 Nxe3 18. fxe3 Bxf3 19. gxf3 f5 20. cxd4 Bb6 21.
Qc4+ Kh8 22. e6 Qe7 23. Be5+ Kh7 24. Rd2 g4 25. Rg2 Qg5 26. Bf4 Qe7 27. Rf1 Rg8
28. Qd5 Raf8 29. fxg4 Rf6 30. gxf5 Rxg2+ 31. Kxg2 Rf8 32. Qd7 Rg8+ 33. Kf3 Rg7
34. Qxe7 Rxe7 35. Ke4 a5 36. b3 h5 37. Rf3 1-0

[Event "British Columbia-ch Seniors"]
[Site "chess.com"]
[Date "2020.06.12"]
[Round "1.14"]
[White "Yang, Yi Feng"]
[Black "Cronin, Kent"]
[Result "1-0"]
[WhiteElo "1122"]
[BlackElo "1638"]
[PlyCount "71"]
[EventDate "2020.06.12"]
[EventType "swiss"]
[EventRounds "5"]
[EventCountry "CAN"]
[TimeControl "5400+30"]

1. e4 e5 2. Nf3 Nc6 3. Bb5 d6 4. d4 exd4 5. Nxd4 Bd7 6. Nc3 a6 7. Bxc6 bxc6 8.
O-O Be7 9. h3 Nf6 10. Nf3 O-O 11. e5 Ne8 12. Re1 d5 13. a3 Be6 14. Nd4 Qd7 15.
f4 Bh4 16. Rf1 f5 17. Nxe6 Qxe6 18. Na4 Be7 19. Be3 c5 20. Bxc5 c6 21. Bxe7
Qxe7 22. b4 Nc7 23. Qd3 a5 24. Nc5 Kh8 25. Kh1 g5 26. fxg5 Qxg5 27. Rae1 Rg8
28. Re2 axb4 29. axb4 f4 30. Qf3 Rgf8 31. Nd7 Rf5 32. e6 Re8 33. g4 Rf6 34.
Nxf6 Qxf6 35. Qxf4 Qh4 36. Qf6+ 1-0

[Event "British Columbia-ch Seniors"]
[Site "chess.com"]
[Date "2020.06.12"]
[Round "1.15"]
[White "Harris, Philip"]
[Black "Enns, Edward"]
[Result "1-0"]
[WhiteElo "1623"]
[BlackElo "824"]
[PlyCount "57"]
[EventDate "2020.06.12"]
[EventType "swiss"]
[EventRounds "5"]
[EventCountry "CAN"]
[TimeControl "5400+30"]

1. d4 d5 2. Nc3 Nf6 3. Bg5 e6 4. e4 Bb4 5. e5 Bxc3+ 6. bxc3 h6 7. Be3 Nfd7 8.
Qg4 c5 9. Qxg7 Rf8 10. Nf3 cxd4 11. cxd4 Nc6 12. Bd3 Nb4 13. O-O Nxd3 14. cxd3
Nb6 15. Bxh6 Qe7 16. Qxf8+ Qxf8 17. Bxf8 Kxf8 18. a4 a5 19. Rfb1 Ra6 20. Rc1
Bd7 21. Rc7 Bxa4 22. Rxb7 Bc6 23. Rc7 Bb5 24. Ng5 Bxd3 25. Rxf7+ Kg8 26. h4 a4
27. h5 Nc4 28. h6 Bg6 29. Rg7+ 1-0

[Event "British Columbia-ch Seniors"]
[Site "chess.com"]
[Date "2020.06.13"]
[Round "2.1"]
[White "Morgan, Scott"]
[Black "Harris, Philip"]
[Result "1-0"]
[WhiteElo "2068"]
[BlackElo "1623"]
[PlyCount "43"]
[EventDate "2020.06.12"]
[EventType "swiss"]
[EventRounds "5"]
[EventCountry "CAN"]
[TimeControl "5400+30"]

1. e4 e5 2. Nf3 Nc6 3. d4 exd4 4. Bc4 Nf6 5. O-O Bc5 6. e5 d5 7. exf6 dxc4 8.
Re1+ Be6 9. Ng5 Qd5 10. Nc3 Qf5 11. Nce4 Bb6 12. Nxf7 Kxf7 13. Ng5+ Kg6 14.
Nxe6 gxf6 15. Qd2 h5 16. Qe2 d3 17. cxd3 cxd3 18. Qxd3 Bxf2+ 19. Kf1 Bxe1+ 20.
Nf4+ Kg5 21. Qf3 Ne5 22. Nd5+ 1-0

[Event "British Columbia-ch Seniors"]
[Site "chess.com"]
[Date "2020.06.13"]
[Round "2.2"]
[White "Jillings, Duncan"]
[Black "Hoshizaki, Dale"]
[Result "0-1"]
[WhiteElo "1603"]
[BlackElo "2002"]
[PlyCount "32"]
[EventDate "2020.06.12"]
[EventType "swiss"]
[EventRounds "5"]
[EventCountry "CAN"]
[TimeControl "5400+30"]

1. e4 d5 2. exd5 Nf6 3. Nf3 Qxd5 4. Nc3 Qh5 5. d4 Bg4 6. Be2 Nc6 7. Bf4 O-O-O
8. Qd3 e5 9. Bxe5 Bxf3 10. Bxf3 Nxe5 11. dxe5 Qxe5+ 12. Qe2 Qxe2+ 13. Nxe2 Bc5
14. Nf4 Rhe8+ 15. Be2 Rd4 16. Nd3 Rde4 0-1

[Event "British Columbia-ch Seniors"]
[Site "chess.com"]
[Date "2020.06.13"]
[Round "2.3"]
[White "Sly, Doug"]
[Black "Kagaoan, Jose"]
[Result "0-1"]
[WhiteElo "1547"]
[BlackElo "1989"]
[PlyCount "80"]
[EventDate "2020.06.12"]
[EventType "swiss"]
[EventRounds "5"]
[EventCountry "CAN"]
[TimeControl "5400+30"]

1. c4 d6 2. g3 Nf6 3. Bg2 Nbd7 4. Nc3 e5 5. d3 h6 6. e4 c6 7. Nge2 Be7 8. O-O
g5 9. d4 Qc7 10. b4 Nf8 11. d5 Bd7 12. Qb3 Ng6 13. a4 Kf8 14. Ba3 h5 15. c5 Kg7
16. Rac1 Qd8 17. cxd6 Bxd6 18. Rfd1 Qe7 19. dxc6 bxc6 20. Rxd6 Qxd6 21. b5 Qe6
22. Qb2 Rab8 23. Rb1 h4 24. Qd2 Rh5 25. Bc5 Rb7 26. b6 axb6 27. Bxb6 Bc8 28. a5
Nd7 29. Na4 Rb8 30. Qc3 Ba6 31. Nc1 hxg3 32. fxg3 Rbh8 33. Nd3 Rxh2 34. Nf2 Qa2
35. Qb3 Qe2 36. Qd1 Qh5 37. Qxd7 Rxg2+ 38. Kxg2 Be2 39. Nh3 Qf3+ 40. Kh2 g4 0-1

[Event "British Columbia-ch Seniors"]
[Site "chess.com"]
[Date "2020.06.13"]
[Round "2.4"]
[White "Pitre, Hanniegn"]
[Black "Lee, Mau-Seng"]
[Result "1/2-1/2"]
[WhiteElo "1905"]
[BlackElo "1524"]
[PlyCount "107"]
[EventDate "2020.06.12"]
[EventType "swiss"]
[EventRounds "5"]
[EventCountry "CAN"]
[TimeControl "5400+30"]

1. e4 c5 2. b4 b6 3. bxc5 bxc5 4. Nc3 Nc6 5. Rb1 e6 6. Nf3 Nf6 7. Bd3 Be7 8.
O-O O-O 9. Re1 e5 10. Nd5 d6 11. Bb5 Rb8 12. Ba3 Nxd5 13. Bxc6 Rxb1 14. Qxb1
Nb6 15. d3 Bg4 16. Re3 Qc7 17. Bd5 Nxd5 18. exd5 Rb8 19. Qe1 Qb7 20. Nxe5 dxe5
21. Rxe5 Bf8 22. f3 Bd7 23. c4 Qb1 24. Qxb1 Rxb1+ 25. Kf2 Bd6 26. Re1 Rxe1 27.
Kxe1 Kf8 28. d4 Bxh2 29. Bxc5+ Ke8 30. Bxa7 Kd8 31. c5 Kc8 32. c6 Be8 33. Kd2
h5 34. Kc3 g5 35. Bc5 Kc7 36. Kc4 f5 37. Kb5 g4 38. Be7 Bg3 39. a4 h4 40. fxg4
fxg4 41. a5 h3 42. gxh3 gxh3 43. a6 h2 44. a7 h1=Q 45. Bd8+ Kd6 46. a8=Q Qxd5+
47. Ka6 Qc4+ 48. Ka7 Qxd4+ 49. Kb8 Qb2+ 50. Qb7 Kc5+ 51. c7 Qxb7+ 52. Kxb7 Bc6+
53. Ka7 Bxc7 54. Bxc7 1/2-1/2

[Event "British Columbia-ch Seniors"]
[Site "chess.com"]
[Date "2020.06.13"]
[Round "2.5"]
[White "Hack, Don"]
[Black "Escandor, Manuel Omana"]
[Result "1-0"]
[WhiteElo "1210"]
[BlackElo "1820"]
[PlyCount "73"]
[EventDate "2020.06.12"]
[EventType "swiss"]
[EventRounds "5"]
[EventCountry "CAN"]
[TimeControl "5400+30"]

1. d4 d6 2. c4 Bf5 3. Nf3 g6 4. Nc3 Bg7 5. e4 Bd7 6. Be2 Nf6 7. O-O O-O 8. Qb3
Qc8 9. Be3 a6 10. a4 Nc6 11. Rfd1 Ng4 12. Bc1 Rb8 13. Nd5 e6 14. Ne3 Nf6 15. e5
dxe5 16. dxe5 Ne4 17. Qd3 Nc5 18. Qc3 a5 19. Ng4 f5 20. exf6 Ne4 21. fxg7 Nxc3
22. gxf8=Q+ Kxf8 23. Bh6+ Kf7 24. Nfe5+ Ke8 25. bxc3 Nxe5 26. Nxe5 Bc6 27. Nxc6
bxc6 28. Rd3 Rb2 29. Rf3 Qb7 30. Bd3 Qb3 31. Re1 Kd7 32. h3 Qxa4 33. Rf7+ Kc8
34. Bf4 Rb7 35. Rxe6 Qd1+ 36. Bf1 Kd8 37. Bg5+ 1-0

[Event "British Columbia-ch Seniors"]
[Site "chess.com"]
[Date "2020.06.13"]
[Round "2.6"]
[White "Leblanc, Paul"]
[Black "Yang, Yi Feng"]
[Result "1/2-1/2"]
[WhiteElo "1739"]
[BlackElo "1122"]
[PlyCount "69"]
[EventDate "2020.06.12"]
[EventType "swiss"]
[EventRounds "5"]
[EventCountry "CAN"]
[TimeControl "5400+30"]

1. d4 Nf6 2. c4 e6 3. Nf3 d5 4. Bg5 Be7 5. e3 O-O 6. Nc3 h6 7. Bh4 Nc6 8. Bd3
Nb4 9. Be2 dxc4 10. Bxc4 a6 11. O-O b5 12. Bb3 Bb7 13. a3 Nbd5 14. Rc1 Rb8 15.
Bg3 Bd6 16. Ne5 Nxc3 17. Rxc3 Ne4 18. Rc1 Nxg3 19. hxg3 Bxe5 20. dxe5 Qg5 21.
Qd4 Rfd8 22. Qc5 Rbc8 23. Rfd1 Be4 24. Rxd8+ Qxd8 25. Rd1 Qf8 26. Qa7 c5 27.
Qxa6 c4 28. Ba2 Qc5 29. Qd6 Qxd6 30. exd6 Kf8 31. f3 Bc6 32. Bb1 Ke8 33. Be4
Kd7 34. Bxc6+ Rxc6 35. Kf2 1/2-1/2

[Event "British Columbia-ch Seniors"]
[Site "chess.com"]
[Date "2020.06.13"]
[Round "2.8"]
[White "Hanrahan, Nigel"]
[Black "Swartz, Robert"]
[Result "1-0"]
[WhiteElo "1516"]
[BlackElo "1388"]
[PlyCount "71"]
[EventDate "2020.06.12"]
[EventType "swiss"]
[EventRounds "5"]
[EventCountry "CAN"]
[TimeControl "5400+30"]

1. c4 e6 2. g3 d5 3. Bg2 Be7 4. d4 c6 5. Qc2 f5 6. e3 Nf6 7. c5 Nbd7 8. Ne2 Ne4
9. Nf4 Ndf6 10. f3 Ng5 11. O-O O-O 12. Nd3 Nd7 13. b4 Rf6 14. a4 Qe8 15. Nc3
Nf7 16. Bb2 Nh6 17. b5 Qh5 18. Nf4 Qf7 19. a5 g5 20. Nd3 g4 21. a6 bxa6 22.
bxc6 gxf3 23. Bxf3 Nf8 24. Ne5 Qg7 25. c7 f4 26. exf4 Ng6 27. Nxg6 hxg6 28.
Nxd5 Nf5 29. Nxf6+ Bxf6 30. Bxa8 Bxd4+ 31. Bxd4 Qxd4+ 32. Qf2 Qd7 33. Rfd1 Qxc7
34. Rd2 Nh6 35. Rad1 Nf7 36. c6 1-0

[Event "British Columbia-ch Seniors"]
[Site "chess.com"]
[Date "2020.06.13"]
[Round "2.9"]
[White "MacDonell, Paul"]
[Black "Swett, Graham"]
[Result "0-1"]
[WhiteElo "1335"]
[BlackElo "1990"]
[PlyCount "70"]
[EventDate "2020.06.12"]
[EventType "swiss"]
[EventRounds "5"]
[EventCountry "CAN"]
[TimeControl "5400+30"]

1. e4 c5 2. Nf3 d6 3. g3 Nf6 4. d3 Nc6 5. Bg2 g6 6. O-O Bg7 7. Re1 Nd7 8. c3
O-O 9. Nbd2 Rb8 10. a3 b5 11. Nf1 e5 12. Ne3 a5 13. h4 Nf6 14. Nh2 b4 15. Neg4
Nh5 16. Bh6 Ne7 17. Bxg7 Kxg7 18. Qd2 Ng8 19. Bf3 Be6 20. Ne3 Ngf6 21. Neg4 Qd7
22. Qe2 Nxg4 23. Nxg4 bxc3 24. bxc3 Rb3 25. Reb1 Rfb8 26. Rxb3 Rxb3 27. c4 Qb7
28. Qd1 Nf6 29. Ne3 h5 30. Be2 Rb2 31. f3 Bd7 32. g4 Ba4 33. Qf1 Bd7 34. gxh5
Nxh5 35. Qf2 Nf4 0-1

[Event "British Columbia-ch Seniors"]
[Site "chess.com"]
[Date "2020.06.13"]
[Round "2.10"]
[White "Dimitrijevic, Darko"]
[Black "Martin, Andrew"]
[Result "1-0"]
[WhiteElo "1947"]
[BlackElo "1542"]
[PlyCount "117"]
[EventDate "2020.06.12"]
[EventType "swiss"]
[EventRounds "5"]
[EventCountry "CAN"]
[TimeControl "5400+30"]

1. e4 c5 2. c3 d5 3. exd5 Qxd5 4. d4 cxd4 5. cxd4 e6 6. Nc3 Qd8 7. Nf3 Nf6 8.
Bf4 a6 9. Be2 Be7 10. O-O O-O 11. Qb3 Nc6 12. Rfd1 Nd5 13. Bg3 Na5 14. Qc2 b5
15. Nxd5 Qxd5 16. Ne5 Qd8 17. Nxf7 Rxf7 18. Bc7 Qf8 19. Bxa5 Bb7 20. f3 Rc8 21.
Qd2 Bd5 22. b3 Bd6 23. Rf1 Qe7 24. g3 Qb7 25. f4 Rff8 26. Rac1 Bh1 27. Bg4 Bd5
28. Bb4 Qe7 29. Bxd6 Qxd6 30. Rfe1 Rce8 31. Re5 Re7 32. Rc5 Bb7 33. Qe3 Rfe8
34. Rc2 Kh8 35. Re2 Rd8 36. Rxe6 Rxe6 37. Bxe6 Qxd4 38. Qxd4 Rxd4 39. Bc8 Be4
40. Bb7 Bg6 41. Bxa6 b4 42. f5 Bh5 43. Rc2 h6 44. Be2 Bf7 45. Kf2 Kh7 46. Ke3
Rd6 47. Bd3 h5 48. Rc7 Kg8 49. Rb7 Rd8 50. Rxb4 Ra8 51. a4 Re8+ 52. Be4 Rc8 53.
a5 Rc3+ 54. Kf4 Bxb3 55. a6 Bc2 56. a7 Bxe4 57. Kxe4 Ra3 58. Rb8+ Kh7 59. a8=Q
1-0

[Event "British Columbia-ch Seniors"]
[Site "chess.com"]
[Date "2020.06.13"]
[Round "2.11"]
[White "Diemecke, Pablo"]
[Black "Schwarz, Heiner"]
[Result "0-1"]
[WhiteElo "1684"]
[BlackElo "1490"]
[PlyCount "84"]
[EventDate "2020.06.12"]
[EventType "swiss"]
[EventRounds "5"]
[EventCountry "CAN"]
[TimeControl "5400+30"]

1. e4 e5 2. f4 d5 3. Nf3 exf4 4. e5 Bg4 5. d4 g5 6. Bd3 Nc6 7. c3 Be7 8. O-O
Qd7 9. Nbd2 O-O-O 10. b4 f6 11. exf6 Bxf6 12. Qc2 h6 13. Bb2 Nge7 14. Rae1 Nf5
15. Rf2 Ne3 16. Qb1 Rhe8 17. Rfe2 Kb8 18. Rf2 Bh5 19. Nf1 Nxf1 20. Rfxf1 g4 21.
Nd2 f3 22. Bg6 Rxe1 23. Rxe1 Bxg6 24. Qxg6 Bg5 25. Nf1 Rf8 26. Re6 a6 27. b5
Nd8 28. Re5 axb5 29. Ba3 Rf6 30. Qd3 Rf7 31. Bb4 Nc6 32. Qg6 Nxe5 33. dxe5 Qf5
34. Qxf5 Rxf5 35. e6 Re5 36. gxf3 gxf3 37. Kf2 Rxe6 38. Kxf3 Be7 39. Ne3 Bxb4
40. cxb4 Rxe3+ 41. Kxe3 c6 42. Kd4 Kc7 0-1

[Event "British Columbia-ch Seniors"]
[Site "chess.com"]
[Date "2020.06.13"]
[Round "2.12"]
[White "Cronin, Kent"]
[Black "Bridger, Richard"]
[Result "0-1"]
[WhiteElo "1638"]
[BlackElo "1448"]
[PlyCount "98"]
[EventDate "2020.06.12"]
[EventType "swiss"]
[EventRounds "5"]
[EventCountry "CAN"]
[TimeControl "5400+30"]

1. e4 c5 2. Nf3 Nc6 3. c3 d6 4. d4 cxd4 5. cxd4 Bg4 6. Be2 Nf6 7. Nc3 e6 8. Qa4
d5 9. Ne5 Bxe2 10. Nxe2 Qb6 11. Nxc6 Qxc6 12. Qxc6+ bxc6 13. e5 Nd7 14. Be3 c5
15. dxc5 Nxc5 16. Kd2 Rb8 17. Rab1 a6 18. Rhc1 Nd7 19. f4 Bb4+ 20. Kd3 Ke7 21.
a3 Ba5 22. Nd4 Ke8 23. Nc6 Rb3+ 24. Ke2 Bd8 25. Nd4 Rb8 26. b4 Nb6 27. Nc6 Rb7
28. Na5 Rd7 29. Bd4 f6 30. Rc6 fxe5 31. Rxe6+ Kf7 32. Rxe5 Nc4 33. Nxc4 dxc4
34. Bc5 c3 35. Be3 Bf6 36. Rc5 Re8 37. Kf2 Rde7 38. Re1 Bd4 39. Bxd4 Rxe1 40.
Rxc3 R8e2+ 41. Kg3 Rd1 42. Rc7+ Ke6 43. Bc3 Rd3+ 44. Kh4 Rxg2 45. Rxg7 Rxh2+
46. Kg4 Rxc3 47. f5+ Kf6 48. Ra7 h5+ 49. Kf4 Rh4# 0-1